000 01198nam0a2200277 4500
001 RU\NLR\bibl\37207
005 20260405124733.0
021 _aRU
_b99-17482
_9845
035 _a(NLR Aleph) 000036249
090 _a186075
_c186075
100 _a19990707d1998 |||y0rusy50 ca
101 0 _arus
102 _aRU
105 _aa |||||||||
200 1 _aЗадачи и упражнения по органической химии
_e(Учеб.-метод. пособие)
_fА.И. Кузнецов
_gМ-во общ. и проф. образования, Моск. гос. акад. тонкой хим. технологии им. М.В. Ломоносова. Каф. орган. химии
210 _aМ.
_cМИТХТ
_d1998
215 _a70 с.
_cил.
_d20
606 0 _aОрганическая химия
_jЗадачники
_91049152
_3RU\NLR\auth\6687223
686 _aГ2я73-4
700 1 _4070
_8rus
_7ca
_aКузнецов
_bА. И.
_cхимик
_gАнатолий Иванович
_3RU\NLR\auth\7750153
_933088
801 0 _aRU
_bNLR
_c19990707
_gPSBO
801 1 _aRU
_bNLR
_c19990707
852 _aNLR
_j99-4/3648
942 _cBOOK
980 _aNB